000 nam a22 7a 4500
999 _c49218
_d49218
003 OSt
005 20191010165227.0
008 191010b xxu||||| |||| 00| 0 eng d
040 _cIIMT COLLEGE OF PHARMACY GREATER NOIDA
100 _aMEHTA,R,M
245 _aPHARMACEUTICS - II
260 _aNEW DELHI
_bVALLABH
_c2018
300 _a312
942 _2ddc
_c02